00475nam a2200181 a 4500001001300000003000900013005001700022008004100039020002300080082001900103100002500122245003200147260003300179300000900212500003500221505002100256650001600277nice12345678IN_TiNIC20260116012240.0070912s1986 newa grp 000 0 eng  a0029101905 c80000a704.94897bFAR aFaruqi Al, Isma`Il R aThe Cultural Atlas of Islam aNew York bFree Press c1986 a512p aincludes index and biblioraphy2 aMaps,Illus,Index aArt-Islamic